zpět

Detail výsledku týmu

Pivovarský dvůr Chýně, Chýně

Datum a čas kvízu

23 Celkem bodů Celkový počet nahraných bodů na tomto kvízu bez doplňovacích otázek.
7. Pořadí na kvízu Konečné umístění týmu na tomto kvízu.

Zaznamenané odpovědi

# Otázka Odpověď Body Výsledky
1. Co bylo hlavní motivací kavárn... C 1
2. Která první dáma se minulý týd... Brigitte Macron 0
3. „Mí rodiče celý můj život kont... Beckhamových 1
4. Nápojářská skupina Kofola zaví... Nobilis Tilia 0
5. Ve kterém sportu povede nově č... A 0
6. Jak se jmenuje italský horolez... Reinhold Messner 1
7. Jak se trojslovně jmenuje tato... lezení na rychlost 0
8. Jak se jmenuje tento základní... dračí smyčka 1
9. Za půl bodu napište jméno ikon... Matterhorn, Švýcarsko a Itálie 1
10. Jak se jmenuje fenomenální slo... B) Janja Garnbret 0